00466nam a2200157 a 4500001001000000003000900010005001700019007000300036008004100039040002500080082001500105100004500120245007800165260004500243300002000288000030924DO-SdBNP20240305073655.0ta110607s1953 dr 000 0 spa d aDO-SdBNPbspacBNPHU axxxbR696m1 aRodríguez Demorizi, Emilio,d1908-198610aMartí y la patria de Darío :bApuntes /cEmilio Rodríguez Demorizi. aManagua, Nicaragua :bSan José,c1953. a34 p. ;c19 cm.